Mentir para ganar - Prueba de clic #2 - Estadísticas

Estadísticas generales
  • Esta prueba ha sido intentada 8.631 veces
  • La puntuación promedio es 15 de 20
Estadísticas de respuestas
Hint Explanation Respuesta % Correcto
¿Tienes cerebro? No
96%
¿El dinero crece en los árboles?
92%
¿Todavía estás vivo? No
91%
¿Cuál es el antónimo de "sí"?
88%
¿Es una frase interrogativa? No
87%
¿Está la India más poblada que el Vaticano? No
85%
¿El martes viene después del lunes? No
83%
¿Tienes 6 brazos, 3 piernas y 7 ojos? Es posible que desee ir al médico
83%
¿Es Parque Jurásico un documental?
80%
Según los Beatles: Tú dices "sí", yo digo...
79%
¿La "A" es una vocal? No
76%
¿Hay algún país en la ONU cuyo nombre empiece por X?
74%
¿Pesa más una tonelada que un kilogramo?
No
68%
5+5=25. ¿Es correcto? Esto explica tu nota en matemáticas.
68%
¿Las ballenas son peces?
66%
¿Es Dwayne Johnson hijo de Lyndon B. Johnson? El presidente Johnson sólo tuvo dos hijas. Ninguna de las cuales se llamaba Dwayne.
63%
¿Se llama cardaro a una cría de oveja?
62%
¿Has leído esta pregunta? No
59%
Pikachu es amarillo, ¿tengo razón? No
56%
¿Has estado alguna vez en el Internet? ¿Estás haciendo este prueba en papel? No
51%
No se encontraron pruebas coincidentes
Distribución de puntuación
Porcentaje de gente con cada puntuación
Porcentaje por número respondido
Historial de tus puntuaciones
No has intentado esta prueba.